000 01276nam2a22002531 4500
001 rc\4073199
005 20250610234224.0
035 _a(NLR Aleph) 007966095
090 _a8430132
_c8430132
100 _a20130415d1950 |||y0rusy50 ca
101 0 _arus
102 _aRU
105 _ay z |||||
200 1 _aНестор Максимович-Амбодик (отец русского акушерства)
210 _d1950
_aБ. м.
461 0 _1001rc\4073195
_12001#$aМатериалы по истории биологии и медицины$eУчеб.-метод. пособие для курсантов и слушателей ВММА$eВып. 1$vВып. 4
_98430109
_cЛенинград
_d1950
_nВоен.-мор. мед. акад.
_oУчеб.-метод. пособие для курсантов и слушателей ВММА : Вып. 1
_tМатериалы по истории биологии и медицины
_vВып. 4
700 1 _aДроздова
_bЗ.А.
702 1 _4570
_7ca
_8rus
_aМаксимович-Амбодик
_bН.М.
_f1744-1812
_gНестор Максимович
_9216859
_3RU\NLR\AUTH\770216915
801 0 _aRU
_bNLR
_gpsbo
801 1 _aRU
_bELAR
_2rusmarc
852 _aNLR
_jМд10 Г-4/218
942 _cBOOK
980 _aNB